Statistics for Taylor Swift - The Outside Lyrics

Click here to take the quiz!

General Stats

  • This quiz has been taken 61 times
  • The average score is 196 of 233

Answer Stats

Answer% Correct
a
100%
A
100%
be
100%
I
100%
on
100%
On
100%
outside
100%
the
100%
been
97%
by
97%
never
97%
in
93%
I've
93%
lot
93%
of
93%
to
93%
but
90%
But
90%
can
90%
me
90%
no
90%
how
87%
How
87%
lonely
87%
looking
87%
places
87%
what
87%
You
87%
you
87%
do
83%
ever
83%
for
83%
Nobody
83%
Oh
83%
oh
83%
see
83%
this
83%
try
83%
When
83%
better?
80%
lets
80%
So
80%
so
80%
And
77%
best
77%
it
77%
still
77%
view
77%
would
77%
yeah
77%
ain't
73%
didn't
73%
it's
73%
know
73%
one
73%
That
73%
too
73%
went
73%
find
70%
go
70%
if
70%
knew
70%
Late
70%
late
70%
now
70%
reason
70%
saw
70%
there
70%
anything
67%
got
67%
nothing
67%
all
63%
baby
63%
give
63%
up
63%
wanted
63%
could've
60%
had
60%
nowhere
60%
road
60%
take
60%
until
60%
between
57%
lines
57%
part
57%
times
57%
less
53%
read
53%
seems
53%
traveled
53%
tried
53%
Am
47%
few
47%
first
47%
helped
47%
notices
47%
right?
47%
work
47%

Score Distribution

Percentile by Number Answered

Percent of People with Each Score

Your Score History

You have not taken this quiz